000
00256nam a2200097Ia 4500
008
241105s9999 xx 000 0 und d
041
_a
eng
100
_a
Shah Pooja
_9
182519
245
_a
Hyperlinked
260
_b
BNCA M. Arch. Digital Architecture
_a
Pune
_c
2024
999
_c
362132
_d
362132